00812nam a2200241Ia 450000100060000000300090000600800410001504000130005604000130006904100130008210000270009510000290012224500560015124500480020725000110025526000100026626000110027626000490028730000560033650001210039265000260051365000310053938817IT-RoPAU130308s9999 xx 000 0 und d aIT-RoPAU cIT-RoPAU aFRANCESE aPeirce Sanders Charles gCodice Aut. SPICS: 2770 aEdition fraser de l'oeuvre de George Berkeley (L') bPhilosophie N. 10-La Metaphysique de Peirce a1a ed. aPARIS bMinuit c1986 [1° Ed.:1986 - Ed.Ling.Originale:1871] a"21 p. (prefazione: no ; testo: 21 [pagine: 4-24])" aOpera di George Berkeley formulazione del Realismo Filosofia di Berkeley Duns Scoto Ockham Hobbes Scienza e Realismo aFILOSOFIA LINGUISTICA eCodice materia Spics: 3101